[Event "Toronto NAYCC U14"]
[Site "Toronto"]
[Date "2013.08.17"]
[Round "7"]
[White "Pillai, Kadhir A"]
[Black "Bian, Alex"]
[Result "1/2-1/2"]
[WhiteElo "2134"]
[BlackElo "2059"]
[PlyCount "54"]
[EventDate "2013.08.14"]
[EventType "swiss"]
[EventRounds "9"]
[EventCountry "CAN"]
[SourceTitle "EXT 2022"]
[Source "ChessBase"]
[SourceDate "2021.10.06"]
[SourceVersion "1"]
[SourceVersionDate "2021.10.06"]
[SourceQuality "1"]

1. e4 c5 2. Nf3 g6 3. d4 cxd4 4. Qxd4 Nf6 5. Nc3 Nc6 6. Qa4 d6 7. e5 dxe5 8. Nxe5 Bd7 9. Nxd7 Qxd7 10. Bb5 Rc8 11. 0-0 a6 12. Bd3 Ne5 13. Qxd7+ Nfxd7 14. Be4 Nc5 15. Bf4 Bg7 16. Bd5 e6 17. Rfe1 Nc6 18. Bd6 Nb4 19. Bxb7 Nxb7 20. Bxb4 Rc4 21. Ba3 Bxc3 22. bxc3 Ra4 23. Reb1 Rxa3 24. Rxb7 0-0 25. Rb3 Ra4 26. a3 Rd8 27. Kf1 Rd2 1/2-1/2

[Event "Toronto NAYCC U14"]
[Site "Toronto"]
[Date "2013.08.16"]
[Round "5"]
[White "Pillai, Kadhir A"]
[Black "Tao, Jeffrey"]
[Result "1/2-1/2"]
[WhiteElo "2134"]
[BlackElo "1958"]
[PlyCount "56"]
[EventDate "2013.08.14"]
[EventType "swiss"]
[EventRounds "9"]
[EventCountry "CAN"]
[SourceTitle "EXT 2022"]
[Source "ChessBase"]
[SourceDate "2021.10.06"]
[SourceVersion "1"]
[SourceVersionDate "2021.10.06"]
[SourceQuality "1"]

1. e4 c5 2. Nf3 d6 3. d4 cxd4 4. Nxd4 Nf6 5. Nc3 a6 6. Be2 e6 7. 0-0 Be7 8. Be3 Qc7 9. Kh1 b5 10. Bf3 Bb7 11. Qd3 Nbd7 12. a4 Nc5 13. Qe2 b4 14. Na2 Ncxe4 15. Nc1 0-0 16. Nd3 d5 17. Bf4 Bd6 18. Bxd6 Qxd6 19. c3 Rfe8 20. Bxe4 Nxe4 21. f3 Nc5 22. Nxc5 Qxc5 23. f4 Rad8 24. Qg4 Bc8 25. Qh5 Bd7 26. Rf3 Qd6 27. Raf1 g6 28. Qh4 Qe7 1/2-1/2

[Event "Toronto NAYCC U14"]
[Site "Toronto"]
[Date "2013.08.15"]
[Round "2"]
[White "Pillai, Kadhir A"]
[Black "Zhong, Joey"]
[Result "1/2-1/2"]
[WhiteElo "2134"]
[BlackElo "1901"]
[PlyCount "58"]
[EventDate "2013.08.14"]
[EventType "swiss"]
[EventRounds "9"]
[EventCountry "CAN"]
[SourceTitle "EXT 2022"]
[Source "ChessBase"]
[SourceDate "2021.10.06"]
[SourceVersion "1"]
[SourceVersionDate "2021.10.06"]
[SourceQuality "1"]

1. e4 c5 2. Nf3 e6 3. d4 cxd4 4. Nxd4 Nc6 5. Nc3 Qc7 6. Be2 a6 7. 0-0 Nf6 8. Be3 Bb4 9. f3 d5 10. exd5 exd5 11. Kh1 0-0 12. Nxc6 bxc6 13. Bd4 Qf4 14. Bf2 Nh5 15. Nxd5 cxd5 16. Qxd5 Bf5 17. g3 Qg5 18. g4 Nf4 19. Qc4 Be6 20. Qxb4 Nxe2 21. Qe4 Rac8 22. Qxe2 Bc4 23. Qe4 Bxf1 24. Rxf1 Qd2 25. Qe5 Rfe8 26. Qg3 Rxc2 27. Re1 Rxe1+ 28. Bxe1 Qd8 29. Qe5 h6 1/2-1/2

[Event "Toronto NAYCC U14"]
[Site "Toronto"]
[Date "2013.08.14"]
[Round "1"]
[White "Aghamalian, Derick"]
[Black "Pillai, Kadhir A"]
[Result "0-1"]
[WhiteElo "1722"]
[BlackElo "2134"]
[PlyCount "70"]
[EventDate "2013.08.14"]
[EventType "swiss"]
[EventRounds "9"]
[EventCountry "CAN"]
[SourceTitle "EXT 2022"]
[Source "ChessBase"]
[SourceDate "2021.10.06"]
[SourceVersion "1"]
[SourceVersionDate "2021.10.06"]
[SourceQuality "1"]

1. e4 c6 2. d4 d5 3. exd5 cxd5 4. Nf3 Nc6 5. c4 Nf6 6. Nc3 Bg4 7. cxd5 Nxd5 8. Be2 e6 9. h3 Bh5 10. 0-0 Bb4 11. Ne4 0-0 12. a3 Be7 13. Ng3 Bxf3 14. Bxf3 Bf6 15. Ne2 Qb6 16. Qa4 Nxd4 17. Nxd4 Bxd4 18. Bxd5 exd5 19. Qc2 Rac8 20. Qd2 Rfd8 21. Rd1 Bf6 22. Qe3 d4 23. Qd3 Rc6 24. Rb1 Rdc8 25. Bd2 g6 26. Rdc1 Rxc1+ 27. Rxc1 Rxc1+ 28. Bxc1 Qc6 29. Bd2 b5 30. Kf1 a6 31. Qb1 Qc4+ 32. Ke1 d3 33. Qc1 Qe4+ 34. Kf1 Qe2+ 35. Kg1 Bd4 0-1

[Event "Wch U12"]
[Site "Maribor"]
[Date "2012.11.15"]
[Round "8.44"]
[White "Pillai, Kadhir A"]
[Black "Nikic, Saso"]
[Result "0-1"]
[WhiteElo "2020"]
[BlackElo "1754"]
[PlyCount "92"]
[EventDate "2012.11.08"]
[EventType "swiss"]
[EventRounds "11"]
[EventCountry "SLO"]
[SourceTitle "EXT 2013"]
[Source "ChessBase"]
[SourceDate "2012.11.22"]
[SourceVersion "1"]
[SourceVersionDate "2012.11.22"]
[SourceQuality "1"]

1. e4 c5 2. Nf3 e6 3. d4 cxd4 4. Nxd4 Nf6 5. Nc3 Nc6 6. Ndb5 d6 7. Bf4 e5 8. Bg5 a6 9. Na3 Be6 10. Nc4 Rc8 11. Bxf6 gxf6 12. Ne3 Bh6 13. Ncd5 Bxe3 14. Nxe3 Ne7 15. c3 d5 16. Qf3 dxe4 17. Qxf6 Ng6 18. Qxd8+ Rxd8 19. g3 f5 20. Bh3 Rf8 21. Ke2 Ke7 22. Rhd1 f4 23. Rxd8 Rxd8 24. Bxe6 Kxe6 25. Nc4 Nh8 26. Nd2 Kf5 27. g4+ Kxg4 28. Nxe4 Kf5 29. Nc5 Nf7 30. f3 Rd6 31. Rg1 Rh6 32. Rg2 Nd6 33. b3 e4 34. fxe4+ Nxe4 35. Nxe4 Kxe4 36. Kf2 Rh3 37. c4 Rc3 38. Ke1 f3 39. Rg8 Rc1+ 40. Kd2 f2 41. Re8+ Kd4 42. Rd8+ Kc5 43. Rd5+ Kb4 44. Kxc1 f1Q+ 45. Kb2 Qe2+ 46. Kb1 Kc3 0-1

[Event "Wch U12"]
[Site "Maribor"]
[Date "2012.11.12"]
[Round "5.27"]
[White "Asadli, Vugar Afgan Oglu"]
[Black "Pillai, Kadhir A"]
[Result "1/2-1/2"]
[WhiteElo "1812"]
[BlackElo "2020"]
[PlyCount "72"]
[EventDate "2012.11.08"]
[EventType "swiss"]
[EventRounds "11"]
[EventCountry "SLO"]
[SourceTitle "EXT 2013"]
[Source "ChessBase"]
[SourceDate "2012.11.22"]
[SourceVersion "1"]
[SourceVersionDate "2012.11.22"]
[SourceQuality "1"]

1. Nf3 d5 2. g3 Nf6 3. Bg2 e6 4. 0-0 Be7 5. d3 0-0 6. Nbd2 c5 7. e4 Nc6 8. Re1 Qc7 9. c3 b6 10. Qc2 Bb7 11. Nf1 c4 12. dxc4 dxc4 13. Bf4 e5 14. Bg5 h6 15. Bxf6 Bxf6 16. Ne3 Ne7 17. Ng4 Qd6 18. Rad1 Qe6 19. Bh3 Kh8 20. Kg2 Bc8 21. Ng1 Qc6 22. Nxf6 Qxf6 23. Rd2 Qc6 24. Bxc8 Raxc8 25. Nf3 Qc5 26. Red1 b5 27. Rd7 a5 28. R1d6 Rfe8 29. Qd2 Kh7 30. Qd1 f6 31. Nh4 Rc6 32. Rd5 Nxd5 33. exd5 Rd6 34. Qh5 Qxd5+ 35. Kg1 Rxd7 36. Qg6+ Kh8 1/2-1/2

[Event "Wch U12"]
[Site "Maribor"]
[Date "2012.11.11"]
[Round "4.12"]
[White "Pillai, Kadhir A"]
[Black "Elancheralathan, P."]
[Result "0-1"]
[WhiteElo "2020"]
[BlackElo "1830"]
[PlyCount "54"]
[EventDate "2012.11.08"]
[EventType "swiss"]
[EventRounds "11"]
[EventCountry "SLO"]
[SourceTitle "EXT 2013"]
[Source "ChessBase"]
[SourceDate "2012.11.22"]
[SourceVersion "1"]
[SourceVersionDate "2012.11.22"]
[SourceQuality "1"]

1. e4 d5 2. exd5 Nf6 3. d4 Nxd5 4. c4 Nb6 5. Nf3 Bg4 6. c5 Nd5 7. Qb3 Bc8 8. Bc4 e6 9. 0-0 Be7 10. Nc3 c6 11. Ne4 0-0 12. Bg5 f6 13. Bh4 g5 14. Bg3 f5 15. Bxb8 fxe4 16. Nxg5 Bxg5 17. Qg3 Rxb8 18. Qxb8 Bf4 19. Qxa7 e3 20. Bxd5 Bxh2+ 21. Kxh2 Qh4+ 22. Kg1 exf2+ 23. Rxf2 Qxf2+ 24. Kh1 Qh4+ 25. Kg1 Qxd4+ 26. Kh1 exd5 27. Qb8 Qf4 0-1

[Event "Wch U12"]
[Site "Caldas Novas"]
[Date "2011.11.22"]
[Round "5"]
[White "Pillai, Kadhir A"]
[Black "Torres, Mauricio Jose"]
[Result "1-0"]
[WhiteElo "2001"]
[BlackElo "1721"]
[PlyCount "93"]
[EventDate "2011.11.18"]
[EventType "swiss"]
[EventRounds "9"]
[EventCountry "BRA"]
[SourceTitle "EXT 2013"]
[Source "ChessBase"]
[SourceDate "2012.11.22"]
[SourceVersion "1"]
[SourceVersionDate "2012.11.22"]
[SourceQuality "1"]

1. e4 c5 2. Nf3 Nc6 3. d4 cxd4 4. Nxd4 g6 5. c4 Bg7 6. Be3 Nf6 7. Nc3 0-0 8. Be2 d6 9. 0-0 Bd7 10. Rc1 Rc8 11. b3 Nxd4 12. Bxd4 Bc6 13. f3 a6 14. Qd2 Qa5 15. Rfd1 Kh8 16. Qe3 Nd7 17. Bxg7+ Kxg7 18. Kh1 f6 19. Rc2 b5 20. Nd5 Bxd5 21. exd5 Rf7 22. h3 Rc5 23. Rd4 Nb6 24. Bd3 Nd7 25. Re4 Ne5 26. f4 Nxd3 27. Qxd3 bxc4 28. bxc4 Qb6 29. Rce2 Rc7 30. f5 g5 31. h4 h6 32. Qf3 Qb8 33. Qh5 Qh8 34. R2e3 Qh7 35. Qf3 Qh8 36. Qe2 Kf8 37. h5 Qh7 38. g4 Qg7 39. Qb2 Ke8 40. Qb6 Kd7 41. Qxa6 Qf8 42. Qb5+ Kd8 43. Re6 Rc5 44. Qb8+ Rc8 45. Qb6+ Rc7 46. c5 dxc5 47. Rc6 1-0

[Event "Wch U12"]
[Site "Caldas Novas"]
[Date "2011.11.20"]
[Round "3"]
[White "Pillai, Kadhir A"]
[Black "De Souza, Felipe Mazim"]
[Result "1-0"]
[WhiteElo "2001"]
[BlackElo "1730"]
[PlyCount "63"]
[EventDate "2011.11.18"]
[EventType "swiss"]
[EventRounds "9"]
[EventCountry "BRA"]
[SourceTitle "EXT 2013"]
[Source "ChessBase"]
[SourceDate "2012.11.22"]
[SourceVersion "1"]
[SourceVersionDate "2012.11.22"]
[SourceQuality "1"]

1. e4 c5 2. Nf3 Nc6 3. d4 cxd4 4. Nxd4 g6 5. c4 Bg7 6. Be3 Nf6 7. Nc3 Ng4 8. Qxg4 Bxd4 9. Bxd4 Nxd4 10. Qd1 Nc6 11. Bd3 d6 12. 0-0 0-0 13. Rc1 Be6 14. b3 Rc8 15. f4 Bd7 16. f5 Ne5 17. Bb1 Bc6 18. Qd2 Ng4 19. h3 Nf6 20. Rcd1 Kg7 21. Qb2 Qb6+ 22. Kh1 Kg8 23. Nd5 Nxd5 24. exd5 Bd7 25. f6 exf6 26. Qxf6 Rce8 27. Rd4 Re2 28. Bxg6 h5 29. Bxf7+ Rxf7 30. Qxf7+ Kh8 31. Qxh5+ Kg8 32. Qg6+ 1-0

[Event "North American-ch U10"]
[Site "Montreal"]
[Date "2010.08.17"]
[Round "4"]
[White "Pillai, Kadhir A"]
[Black "Zhang, Yuanchen"]
[Result "1-0"]
[WhiteElo "1952"]
[BlackElo "1414"]
[PlyCount "50"]
[EventDate "2010.08.16"]
[EventType "swiss"]
[EventRounds "7"]
[EventCountry "CAN"]
[SourceTitle "EXT 2013"]
[Source "ChessBase"]
[SourceDate "2012.11.22"]
[SourceVersion "1"]
[SourceVersionDate "2012.11.22"]
[SourceQuality "1"]

1. e4 c5 2. Nf3 e6 3. d4 cxd4 4. Nxd4 Nf6 5. Nc3 Nc6 6. Nxc6 bxc6 7. e5 Nd5 8. Nxd5 cxd5 9. Bd3 d6 10. Bf4 dxe5 11. Bxe5 Bd7 12. 0-0 Qe7 13. Qh5 h6 14. f4 Qc5+ 15. Kh1 Rg8 16. f5 Bd6 17. fxe6 Bxe6 18. Rae1 Bxe5 19. Qxe5 Qc6 20. c4 Kd7 21. Rxf7+ Bxf7 22. Bf5+ Be6 23. Bxe6+ Kd8 24. Bxg8 Qd7 25. Bxd5 Rc8 1-0